Gentlemen prefer blondes Οι άντρες προτιμούν τις ξανθές
Μια πανέμορφη ξανθιά η οποία είναι αποφασισμένη να παντρευτεί πάση θυσία τον εκατομμυριούχο αρραβωνιαστικό της. Ο πιο σοβαρός λόγος για να το κάνει: για να ανακαλύψει για τον εαυτό της αν όντως τα διαμάντια είναι ο καλύτερος φίλος ενός κοριτσιού....
Αποθηκεύτηκε σε:
| Άλλοι συγγραφείς: | , , |
|---|---|
| Μορφή: | |
| Γλώσσα: | English Multiple |
| Δημοσίευση: |
Αθήνα :
Odeon [Εταιρεία διανομής],
c2002.
|
| Σειρά: | Marilyn Monroe, the diamond collection
|
| Θέματα: | |
| Ετικέτες: |
Προσθήκη ετικέτας
Δεν υπάρχουν, Καταχωρήστε ετικέτα πρώτοι!
|
MARC
| LEADER | 00000cgm a2200000 i 4500 | ||
|---|---|---|---|
| 001 | 1/4162 | ||
| 008 | 100204s2002 gr ||| | || ||eng|| | ||
| 035 | |l 10106636 | ||
| 040 | |a GR-MyUa |b gre |e AACR2 | ||
| 041 | 0 | |a eng |j mul | |
| 082 | 0 | |a 791.437 |2 (22) | |
| 245 | 0 | 0 | |a Gentlemen prefer blondes |h [μαγνητοσκόπηση] = |b Οι άντρες προτιμούν τις ξανθές / |c σκηνοθεσία Χάουαρντ Χοκς. |
| 246 | 1 | |i Παράλληλος τίτλος: |a Οι άντρες προτιμούν τις ξανθές | |
| 260 | |a Αθήνα : |b Odeon [Εταιρεία διανομής], |c c2002. | ||
| 300 | |a 1 βιντεοδίσκος (90 λεπτ.) : |b ομίλ., έγχρ. ; |c 4 3/4 ίν. | ||
| 490 | 1 | |a (Merilyn Monroe, the diamond collection) | |
| 500 | |a Κυκλοφόρησε πρώτη φορά ως κινηματογραφική ταινία το 1953. | ||
| 508 | |a Παραγωγή, Σολ Σ. Σίγκελ ; σενάριο, Τσάρλς Λέντερερ. | ||
| 511 | 0 | |a Μέριλιν Μονρόε, Τζέιν Ράσελ, Τσάρλς Κόμπερν. | |
| 520 | 8 | |a Μια πανέμορφη ξανθιά η οποία είναι αποφασισμένη να παντρευτεί πάση θυσία τον εκατομμυριούχο αρραβωνιαστικό της. Ο πιο σοβαρός λόγος για να το κάνει: για να ανακαλύψει για τον εαυτό της αν όντως τα διαμάντια είναι ο καλύτερος φίλος ενός κοριτσιού. | |
| 546 | |a Στα αγγλικά με υπότιτλους στα ελληνικά. | ||
| 650 | 0 | |a Women |x Conduct of life |v Drama. | |
| 655 | 7 | |a Feature films |2 lcgft | |
| 700 | 1 | |a Hawks, Howard, |d 1896-1977, |e drt | |
| 700 | 1 | |a Monroe, Marilyn, |d 1926-1962, |e act | |
| 700 | 1 | |a Russell, Jane, |d 1921-2011, |e act | |
| 830 | 0 | |a Marilyn Monroe, the diamond collection | |
| 852 | |a INST |b SYROS |c AV |e 20100204 |h 791.437 HAW |p 005500007872 |q 005500007872 |t DVD |y 23 | ||
| 901 | |a BIBL5-2008-1 | ||
| 922 | |a 5ΕΛΗ |b 200810 |c Βιβλιοθήκη Σύρου |d DVD Club Enter | ||
| 970 | |a Κοντού |b Παρασκευή |z 04/02/2010 | ||